| 000 | 00634cab a2200217 4500 | ||
|---|---|---|---|
| 001 | WB3336-11 | ||
| 008 | 090401t1997 xxu||||| |||| 00| 0 eng d | ||
| 035 | _a(Sirsi) u80937 | ||
| 041 | _aeng | ||
| 245 | _aExperts bury British coal | ||
| 260 | _c1997 | ||
| 350 | _a0 | ||
| 490 |
_aGuardian _v17 September 1997, 18(2) |
||
| 520 | _aGovernment advisers on energy policy forecast that deep mining in the UK will be almost completely eradicated by 2010. | ||
| 650 | _aCOAL INDUSTRY | ||
| 650 | _aENERGY POLICY | ||
| 650 | _aFUTURE | ||
| 690 | _aENVIRONMENTAL AND LAND CONSULTANCY-ENERGY | ||
| 942 | _n0 | ||
| 948 | _c17/09/1997 | ||
| 999 |
_c50980 _d50980 |
||